| 000 | 00359 a2200097 4500 | ||
|---|---|---|---|
| 245 | 0 | 0 |
_aOchrona przed promieniowaniem podczerwonym - Metody pomiaru promieniowania na stanowiskach pracy PN-77/T-05687 / _cMP,P i S Socjaln.. |
| 246 | 1 | 3 | _aPN-77/T-05687 |
| 246 | 1 | 3 | _a614.875:613.165.6 |
| 260 |
_aWarszawa : _bMP,P i S Socjaln., _c1977. |
||
| 300 |
_a4 stron ; _c30 cm. |
||
| 650 | _aPolska norma | ||
| 999 |
_c20696 _d20696 |
||